Loading...
| Current Events | 1 | 10.00 | 100% | 0% | 0% |
| Fine Arts - Classical Music | 2 | 5.00 | 0% | 50% | 0% |
| Fine Arts - Other | 4 | 10.00 | 75% | 25% | 0% |
| Fine Arts - Painting and Sculpture | 6 | 8.33 | 83% | 0% | 0% |
| Geography | 2 | 15.00 | 100% | 50% | 0% |
| History - American | 4 | 15.00 | 100% | 25% | 25% |
| History - European | 4 | 20.00 | 100% | 50% | 50% |
| History - Other | 2 | 15.00 | 100% | 50% | 0% |
| History - World | 3 | 16.67 | 100% | 67% | 0% |
| Literature - American | 4 | 12.50 | 75% | 50% | 0% |
| Literature - British | 4 | 10.00 | 75% | 25% | 0% |
| Literature - European | 4 | 10.00 | 100% | 0% | 0% |
| Literature - World | 4 | 10.00 | 75% | 25% | 0% |
| Mythology | 3 | 20.00 | 100% | 100% | 0% |
| Philosophy | 3 | 13.33 | 100% | 33% | 0% |
| Popular Culture | 1 | 30.00 | 100% | 100% | 100% |
| Religion | 5 | 16.00 | 80% | 60% | 20% |
| Science - Biology | 1 | 10.00 | 100% | 0% | 0% |
| Science - Chemistry | 5 | 10.00 | 60% | 40% | 0% |
| Science - Other | 4 | 5.00 | 50% | 0% | 0% |
| Science - Physics | 5 | 6.00 | 60% | 0% | 0% |
| Social Science | 2 | 10.00 | 50% | 0% | 50% |